Wives of King Henry VIII - Sudden Death - Statistics

General Stats
  • This quiz has been taken 1,302 times
  • The average score is 5 of 6
Answers on the Grid
Answers color-coded by a green-red scale on the quiz's grid according to % correct below.
Ada Lovelace
Agatha Christie
Anne Arundel
Anne Boleyn
Anne Hathaway
Anne of Cleves
Anne of Green Gables
Annie Oakley
Catherine Howard
Catherine Middleton
Catherine of Aragon
Catherine Parr
Catherine Zeta-Jones
Eleanor of Aquitaine
Emmeline Pankhurst
Florence Nightengale
Jane Austen
Jane Fonda
Jane Seymour
Joan of Arc
Margaret Thatcher
 
Answer Stats
Answer % Correct
Anne Boleyn
97%
Catherine of Aragon
90%
Jane Seymour
88%
Anne of Cleves
87%
Catherine Howard
82%
Catherine Parr
81%
No matching quizzes found
Score Distribution
Percent of People with Each Score
Percentile by Number Answered
Your Score History
You have not taken this quiz